Ч. 3; Очерки русской культуры XVIII века

Podrobná bibliografie
Parent link:Очерки русской культуры XVIII века: В 4-х т.. Ч. 3.— , 1988
Jazyk:ruština
Vydáno: 1988
Témata:
Médium: Kniha
KOHA link:https://koha.lib.tpu.ru/cgi-bin/koha/opac-detail.pl?biblionumber=18735

MARC

LEADER 00000nam0a2200000 4500
001 18735
005 20231030191407.0
010 |a 5211001613 
035 |a (RuTPU)RU\TPU\book\18888 
035 |a BOOK00003576 
090 |a 18735 
100 |a 20011209d1988 k y0rusy50 ca 
101 0 |a rus 
102 |a RU 
105 |a a z 000zy 
200 0 |a Ч. 3 
210 |d 1988 
215 |a 400 с.  |c ил. 
461 |t Очерки русской культуры XVIII века  |o В 4-х т.  |v Ч. 3  |d 1988 
610 1 |a культура 
610 1 |a история 
610 1 |a 18 век 
610 1 |a Россия 
610 1 |a гравюры 
610 1 |a художественная культура 
610 1 |a живопись 
686 |a Ч113(2)  |v LBC/SL-A  |2 rubbk 
686 |a Т3(2)46-7  |v LBC/SL-A  |2 rubbk 
801 0 |a RU  |b 63413507  |c 20011209  |g PSBO 
801 2 |a RU  |b 63413507  |c 20160922  |g PSBO 
942 |c BK